Statistics for Five Largest Countries by Ocean (with empty map)

Click here to take the quiz!

General Stats

  • This quiz has been taken 2,472 times
  • The average score is 15 of 16

Answers on the Map

Answers color-coded by a green-red scale on the quiz's map according to % correct below.
 

Answer Stats

Countries% Correct
United States
100%
Australia
99%
Brazil
99%
Canada
99%
China
99%
India
99%
Russia
99%
Argentina
96%
Indonesia
96%
South Africa
92%
Chile
90%
Norway
89%
New Zealand
84%
Saudi Arabia
83%
Iceland
82%
Sudan
50%

Score Distribution

Percentile by Number Answered

Percent of People with Each Score

Your Score History

You have not taken this quiz